000
00236nam a22001097a 4500
082
_a
474
_b
SAM/V-B
100
_a
SAMPATH,C.K
245
_a
VIKAS RANGBHIRANGI KAHANIYAM
260
_a
MUMBAI
_b
NAVNEET
650
_a
STORY
_z
MUMBAI
942
_c
BK
999
_c
4679
_d
4679